| 000 | 01081nam a2200265Ia 4500 | ||
|---|---|---|---|
| 005 | 20260121170719.0 | ||
| 008 | 008 260114s9999 xx 000 0 eng d | ||
| 020 | _a9783319950228 | ||
| 037 | _aEBOOK | ||
| 040 | _aCRL | ||
| 040 | _beng | ||
| 040 | _cCRL | ||
| 041 | _2eng | ||
| 041 | _aeng | ||
| 084 | _qCRL | ||
| 100 |
_aBoyd R. Davis, Michael S. Moats, Shijie Wang, Dean Gregurek, Joël Kapusta, Thomas P. Battle, Mark E. Schlesinger, Gerardo Raul Alvear Flores, Evgueni Jak, Graeme Goodall, Michael L. Free, Edouard Asselin, Alexandre Chagnes, David Dreisinger, Matthew Jeffrey, Jaeheon Lee, Graeme Miller, Jochen Petersen, Virginia S. T. Ciminelli, Qian Xu, Ronald Molnar, Jeff Adams, Wenying Liu, Niels Verbaan, John Goode, Ian M. London, Gisele Azimi, Alex Forstner, Ronel Kappes, Tarun Bhambhani _91067253 |
||
| 245 | 0 | _aExtraction 2018 | |
| 260 | _bSpringer | ||
| 260 | _bSpringer | ||
| 260 | _c2018 | ||
| 856 | _uhttps://link.springer.com/openurl?genre=book&isbn=978-3-319-95022-8 | ||
| 942 | _cEBOOK | ||
| 999 |
_c1632983 _d1632983 |
||